00000000nam 2200000zi 4500
0019.947571
003CaOODSP
00520250130144202
006m     o  d f      
007cr cn|||||||||
008250130e19920331oncabd  ob   f000 0 eng d
040 |aCaOODSP|beng|erda|cCaOODSP
041 |aeng|beng|bfre
043 |an-cn---
0861 |aEn57-55/92-3E-PDF
1001 |aWoo, Ming-Ko, |d1941- |eauthor.
24510|aAdaptation to permafrost in the Canadian North : |bpresent and future / |cby Ming-Ko Woo, Wayne R. Rouse, Antoni G. Lewkowicz, Kathy L. Young.
264 1|aDownsview, Ontario : |bAtmospheric Environment Service, Canadian Climate Centre, Climate Information Branch, |cMarch 31, 1992.
300 |a1 online resource (viii, 61 pages) : |billustrations, maps, graphs.
336 |atext|btxt|2rdacontent
337 |acomputer|bc|2rdamedia
338 |aonline resource|bcr|2rdacarrier
4901 |aCanadian Climate Centre report ; |vno. 92-3
500 |a"A publication of the Canadian Climate Program."
500 |aDigitized edition from print [produced by Environment and Climate Change Canada].
500 |a"This report was prepared for the Arctic Adaptation Division of the Canadian Climate Centre under purchase order numbers 8989122, 8989126, 8989127 and 8989128. Funding was provided under the Panel on Energy Research and Development (PERD), Task 6.1.2."
500 |a"This report has received only limited circulation because of the special nature of the project. However, reference is permitted if the words "Unpublished manuscript" are made part of the bibliographic entry, in accordance with accepted practice."
504 |aIncludes bibliographical references (pages 50-59).
5203 |a"Human-induced climatic warming will have major impacts on permafrost which presently underlies half of Canada's land mass. Many aspects of the northern landscape and human activities will adapt to the altered environment, and such adaptation may be contemporaneous or may lag behind climatic change. The extent of permafrost will diminish, accompanied by modifications of the land surfaces through thermokarst or slumping. Streamflow regimes, sediment transport, coastal flooding and erosion will be affected"--Abstract, page iii.
546 |aIncludes abstracts in English and French.
650 0|aPermafrost |zCanada, Northern.
650 0|aClimatic changes|zCanada, Northern.
650 6|aPergélisols|zCanada (Nord)
650 6|aClimat|xChangements|zCanada (Nord)
7102 |aCanadian Climate Centre, |eissuing body.
7102 |aCanadian Climate Program, |eissuing body.
830#0|aCanadian Climate Centre report ;|vno. 92-3.|w(CaOODSP)9.934183
85640|qPDF|s79.5 MB|uhttps://publications.gc.ca/collections/collection_2025/eccc/en57/En57-55-92-3-eng.pdf